00358nam a22001217a 4500003000400000005001700004008004100021050003200062082001200094245006300106260002600169300004100195OSt20140311130135.0130214t xxu||||| |||| 00| 0 eng d aKPM2858 .R49 2009bR49 2009 aKPM2858 aThe new Income tax, law and accounting cVirgilio D. Reyes a[S.l. : s.n.],c 2009 a1 v. (various pagings) bill c23 cm